YMCA, by Village People - Lyrics - Statistics

General Stats
  • This quiz has been taken 584 times
  • The average score is 53 of 111
Answer Stats
Answer % Correct
YMCA
98%
I
95%
the
95%
you
95%
to
94%
a
93%
man
90%
young
89%
at
86%
do
86%
it
86%
stay
86%
It's
83%
there
83%
fun
81%
no
81%
said
81%
can
78%
go
78%
need
78%
there's
78%
your
77%
down
74%
feel
72%
be
71%
have
66%
me
65%
on
64%
place
63%
good
62%
what
62%
get
61%
yourself
60%
all
59%
ground
59%
off
56%
and
55%
time
55%
in
52%
with
52%
out
51%
when
51%
boys
50%
they
48%
for
47%
want
47%
whatever
47%
hang
46%
meal
46%
you're
45%
unhappy
43%
clean,
42%
are
41%
everything
41%
pick
41%
enjoy
40%
up
40%
way
39%
will
39%
put
38%
so
38%
just
36%
know
36%
was
36%
got
35%
if
35%
town
35%
listening
34%
men
34%
by
33%
new
33%
does
32%
find
32%
I'm
32%
help
31%
take
31%
one
30%
shoes
30%
but
29%
'cause
29%
dough
29%
himself
29%
once
29%
sure
29%
this
29%
short
28%
blues
27%
many
27%
shelf
27%
thing
27%
ways
27%
called
26%
came
25%
make
25%
street
25%
that's
24%
were
24%
back
23%
dreams
23%
pride
23%
someone
23%
today
22%
walk
22%
world
20%
alive
17%
felt
17%
real
17%
whole
17%
cared
15%
start
10%
jive
9%
No matching quizzes found
Score Distribution
Percent of People with Each Score
Percentile by Number Answered
Your Score History
You have not taken this quiz